| 000 | 00443nam a2200193Ia 4500 | ||
|---|---|---|---|
| 003 | GCL | ||
| 008 | 140319s9999 xx 000 0 eng d | ||
| 040 |
_aGCL / _cGCL |
||
| 082 | 0 | 4 |
_a641.5 _bG E |
| 100 | 1 | _aGRIGSON, JANE | |
| 245 | 1 | 0 |
_aENGLISH FOOD / _cGRIGSON, JANE |
| 260 |
_a[S.N] : _bPENGUIN BOOKS ، _c1974 |
||
| 300 | _a384 P | ||
| 650 | 0 | 4 | _aFISH |
| 650 | 0 | 4 | _aFOOD |
| 650 | 0 | 4 | _aVEGETABLES |
| 650 | 0 | 4 | _aSOUPS |
| 942 |
_2ddc _cBK |
||
| 999 |
_c10215 _d10215 |
||